<?xml version="1.0" encoding="UTF-8"?>
<record
    xmlns:xsi="http://www.w3.org/2001/XMLSchema-instance"
    xsi:schemaLocation="http://www.loc.gov/MARC21/slim http://www.loc.gov/standards/marcxml/schema/MARC21slim.xsd"
    xmlns="http://www.loc.gov/MARC21/slim">

  <leader>01553nam a2200253 i 4500</leader>
  <controlfield tag="003">DO-SdBNP</controlfield>
  <controlfield tag="005">20231108081027.0</controlfield>
  <controlfield tag="006">a||||gr|||| 00| 0 </controlfield>
  <controlfield tag="007">ta</controlfield>
  <controlfield tag="008">231107e19481998dr aoc|| |||| 00| 0 spa d</controlfield>
  <datafield tag="040" ind1=" " ind2=" ">
    <subfield code="a">DO-SdBNP</subfield>
    <subfield code="b">spa</subfield>
    <subfield code="c">BNPHU</subfield>
    <subfield code="e">rda</subfield>
  </datafield>
  <datafield tag="082" ind1=" " ind2="4">
    <subfield code="2">22</subfield>
    <subfield code="b">R426f</subfield>
  </datafield>
  <datafield tag="110" ind1="1" ind2=" ">
    <subfield code="a">Rep&#xFA;blica Dominicana.</subfield>
    <subfield code="b">Fuerza A&#xE9;rea Dominicana</subfield>
    <subfield code="9">82163</subfield>
    <subfield code="e">autor</subfield>
  </datafield>
  <datafield tag="245" ind1="1" ind2="0">
    <subfield code="a">50 aniversario:</subfield>
    <subfield code="b">1948 - 1998. /</subfield>
  </datafield>
  <datafield tag="246" ind1="1" ind2="4">
    <subfield code="a">Cincuenta aniversario: </subfield>
    <subfield code="b">mil novecientos cuarenta y ocho - mil novecientos noventa y ocho:</subfield>
  </datafield>
  <datafield tag="264" ind1=" " ind2=" ">
    <subfield code="a">Santo Domigo :</subfield>
    <subfield code="b">&#xD3;rgano Informativo de la Fuerza A&#xE9;rea Dominicana,</subfield>
    <subfield code="c">1998</subfield>
  </datafield>
  <datafield tag="300" ind1=" " ind2=" ">
    <subfield code="a">72 p&#xE1;ginas :</subfield>
    <subfield code="b">Ilustraciones, fotograf&#xED;a, retratos ;</subfield>
    <subfield code="c">30 cm.</subfield>
  </datafield>
  <datafield tag="336" ind1=" " ind2=" ">
    <subfield code="2">rdacontent</subfield>
    <subfield code="a">texto</subfield>
    <subfield code="b">txt</subfield>
  </datafield>
  <datafield tag="337" ind1=" " ind2=" ">
    <subfield code="2">rdamedia</subfield>
    <subfield code="a">sin mediaci&#xF3;n</subfield>
    <subfield code="b">n</subfield>
  </datafield>
  <datafield tag="338" ind1=" " ind2=" ">
    <subfield code="2">rdacarrier</subfield>
    <subfield code="a">volumen</subfield>
    <subfield code="b">nc</subfield>
  </datafield>
  <datafield tag="505" ind1=" " ind2=" ">
    <subfield code="a">Padres de la Patria.</subfield>
    <subfield code="t">Saludos al Sr. Presidente.--</subfield>
    <subfield code="t">Carta del Secretario FF.AA.--</subfield>
    <subfield code="t">Carta del jefe de Estado Mayor.--</subfield>
    <subfield code="t">El vuelo Panamericano.-- Historia de Evoluci&#xF3;n de la FAD.-- Misi&#xF3;n de la FAD.-- Jefes de Estado Mayor de la FAD.-- Organizaci&#xF3;n actual y Organigrama FAD.-- Comando a&#xE9;reo.-- Escuadr&#xF3;n de Combate.-- Escuadr&#xF3;n de rescate.-- Escuadr&#xF3;n de Transporte a&#xE9;reo.-- Comando a&#xE9;reo Norte.-- Comando de mantenimiento.--</subfield>
    <subfield code="t">Comando de seguridad de base.-- Comando de Fuerzas Especiales.--Comando de apoyo.-- La FAD y la educaci&#xF3;n.-- prof. y entrenamiento.-- La FAD y la y la Salud.-- Rol de la mujer en la FAD.-- La FAD y los deportes.-- Instalaciones.-- Colof&#xF3;n.</subfield>
  </datafield>
  <datafield tag="590" ind1=" " ind2=" ">
    <subfield code="a">Inventariado 2023 / MF</subfield>
  </datafield>
  <datafield tag="942" ind1=" " ind2=" ">
    <subfield code="2">ddc</subfield>
    <subfield code="c">LBS1</subfield>
  </datafield>
  <datafield tag="952" ind1=" " ind2=" ">
    <subfield code="0">0</subfield>
    <subfield code="1">0</subfield>
    <subfield code="2">ddc</subfield>
    <subfield code="5">1</subfield>
    <subfield code="7">0</subfield>
    <subfield code="8">PD</subfield>
    <subfield code="a">BNPHU</subfield>
    <subfield code="b">BNPHU</subfield>
    <subfield code="c">CT</subfield>
    <subfield code="d">2018-07-07</subfield>
    <subfield code="e">Donado por CERTV</subfield>
    <subfield code="l">0</subfield>
    <subfield code="o">R426f</subfield>
    <subfield code="p">2023-7629</subfield>
    <subfield code="r">2023-11-07</subfield>
    <subfield code="w">2023-11-07</subfield>
    <subfield code="y">LBS1</subfield>
  </datafield>
  <datafield tag="999" ind1=" " ind2=" ">
    <subfield code="c">55410</subfield>
    <subfield code="d">55410</subfield>
  </datafield>
</record>
